Same Role: Musical & Movie Quiz Stats

 Plays Quiz Updated Apr 10, 2014

Challenge
Share
Tweet
Embed
Score 0/22 Timer 05:00
2 Plays Today
Broadway actor Musical % Correct
Bebe NeuwirthChicago
80.2%
Barry BostwickGrease
77.6%
Mary MartinThe Sound of Music
75.6%
Patti LuPoneEvita
71.9%
Jennifer HollidayDreamgirls
69.6%
Harvey FiersteinHairspray
66.5%
Ashley BrownMary Poppins
65.8%
Julie AndrewsMy Fair Lady
62.3%
Jill HaworthCabaret
61.7%
Zero MostelFiddler on the Roof
57%
Chita RiveraWest Side Story
57%
Broadway actor Musical % Correct
Hinton BattleThe Wiz
54.7%
Carol ChanningHello, Dolly!
44.8%
Robert AldaGuys and Dolls
34.9%
Richard BurtonCamelot
30.3%
Mary MartinSouth Pacific
23.9%
Terrence MannBeauty and the Beast
23.1%
Barbara CookThe Music Man
21.7%
Sydney ChaplinFunny Girl
20.3%
Jeff FenholtJesus Christ Superstar
16.3%
Chita RiveraBye Bye Birdie
13.9%
Betty Buckley1776
7.8%

You're not logged in!

Compare scores with friends on all Sporcle quizzes.
OR
Log In

You Might Also Like...

Show Comments

Extras

Top Quizzes Today


Score Distribution

Your Account Isn't Verified!

In order to create a playlist on Sporcle, you need to verify the email address you used during registration. Go to your Sporcle Settings to finish the process.

Report this User

Report this user for behavior that violates our Community Guidelines.

Details: